Pelajar bertanggungjawab

Bibliographic Details
Main Author: Amer, Haji Matsom
Format: Book
Published: Selangor : Penerbit Orkid , 2001
Series:Siri pelajar idola
Subjects:

MARC

LEADER 00000cam a2200000 7i4500
001 0000054483
005 20220105105353.0
008 151107
020 |a 9838912875 
090 0 0 |a JF   |b MAL 
100 1 |a Amer, Haji Matsom 
245 0 0 |a Pelajar bertanggungjawab   |c Amer Haji Matsom 
260 |a Selangor :   |b Penerbit Orkid ,   |c 2001 
300 |a 30pg. :   |b ill 
490 1 |a Siri pelajar idola 
500 |a Children ages 7-9 years old (orange) 
650 0 |a Children's story, Malay 
999 |a 0000917031   |b Book   |c Children Collection   |e Cawangan Bukit Gambir 
999 |a 0000917032   |b Book   |c Children Collection   |e Cawangan Bukit Gambir 
999 |a 0000917033   |b Book   |c Children Collection   |e Cawangan Bukit Gambir 
999 |a 0000928713   |b Book   |c Children Collection   |e Cawangan Tangkak 
999 |a 0000928714   |b Book   |c Children Collection   |e Cawangan Tangkak 
999 |a 0000928929   |b Book   |c Children Collection   |e Cawangan Tangkak